Central Library OPAC University of Rajshahi
Normal view MARC view

Entry Personal Name

Number of records used in: 2

001 - CONTROL NUMBER

  • control field: 16500

003 - CONTROL NUMBER IDENTIFIER

  • control field: BD-RjUL

005 - DATE AND TIME OF LATEST TRANSACTION

  • control field: 20250807105443.0

008 - FIXED-LENGTH DATA ELEMENTS

  • fixed length control field: 250807|| aca||aabn | a|a d

040 ## - CATALOGING SOURCE

  • Original cataloging agency: BD-RjUL
  • Transcribing agency: BD-RjUL

100 ## - HEADING--PERSONAL NAME

  • Personal name: بزم اقبال.. / Bazm-i Iqbal

670 ## - SOURCE DATA FOUND

  • Source citation: Work cat.: (BD-RjUL)85462: بزم اقبال.. / Bazm-i Iqbal , Front cover image for فلسفہ اقبال : يعنى خيالات اقبال پر ان مضامين كا اردو ترجمہ جو رسالہ اقبال كے انگريزى شماروں ميں وقتاً فوقتاً چھپتے رہے فلسفہ اقبال : يعنى خيالات اقبال پر ان مضامين كا اردو ترجمہ جو رسالہ اقبال كے انگريزى شماروں ميں وقتاً فوقتاً چھپتے رہے / Falsafah-yi Iqbāl : yaʻni k̲h̲ayālāt-i Iqbāl par un maẓāmīn kā Urdū tarjumah jo Risālah Iqbāl ke angrezī shumāron̲ men̲ vaqtan favaqtan chapte rahe /, 1961